LEADER 01722nam0 2200409 i 450 001 UBO1658554 005 20231121125856.0 010 $a8806162535 020 $aIT$b2003-4112 100 $a20030115d2002 ||||0itac50 ba 101 | $aita 102 $ait 181 1$6z01$ai $bxxxe 182 1$6z01$an 200 1 $aArcheologia del mito$eemozione e ragione fra primitivi e moderni$fAndrea Carandini$gcon un contributo iconografico di Marco Pacciarelli e uno scambio di lettere con Giancarlo G. M. Scoditti 210 $aTorino$cG. Einaudi$d\2002! 215 $aXIV, 400 p., \8! c. di tav.$cill.$d22 cm. 225 | $aSaggi$v849 410 0$1001CFI0000099$12001 $aSaggi$v849 606 $aMito$2FIR$3RMLC227934$9I 606 $aMito$xSociologia$2FIR$3RMLC194447$9I 676 $a291.13$9$v21 700 1$aCarandini$b, Andrea$3CFIV076128$4070$035896 702 1$aScoditti$b, Giancarlo G.$3CFIV057676 702 1$aPacciarelli$b, Marco$3UBOV098723 790 1$aScoditti$b, Giancarlo M. G.$3CFIV057679$zScoditti, Giancarlo G. 790 1$aScoditti$b, Giancarlo G. M.$3CFIV200247$zScoditti, Giancarlo G. 801 3$aIT$bIT-01$c20030115 850 $aIT-RM0313 $aIT-FR0084 $aIT-FR0017 899 $aBIBLIOTECA CASANATENSE$bRM0313 899 $aBiblioteca Del Monumento Nazionale Di Montecassino$bFR0084 899 $aBiblioteca umanistica Giorgio Aprea$bFR0017 $eN 912 $aUBO1658554 950 0$aBiblioteca umanistica Giorgio Aprea$d 52MAG 7/645$e 52FLS0000228255 VMB $fA $h20211129$i20211129 977 $a 07$a 25$a 52 996 $aArcheologia del mito$9736211 997 $aUNICAS